000 00164nam a22000857a 4500
245 _aHand Book of Idioms & Phrases
260 _b1702
300 _a232
942 _2ddc
_cRB
999 _c4479
_d4479